Normal görünüm MARC görünümü

Giriş Meeting Name

Kullanılan kayıt sayısı: 1

001 - CONTROL NUMBER

  • control field: 3465

003 - CONTROL NUMBER IDENTIFIER

  • control field: TR-AnABB

005 - DATE AND TIME OF LATEST TRANSACTION

  • control field: 20260415100455.0

008 - FIXED-LENGTH DATA ELEMENTS

  • fixed length control field: 260415|| aca||aabn | a|a d

040 ## - CATALOGING SOURCE

  • Original cataloging agency: TR-AnABB
  • Transcribing agency: TR-AnABB

111 ## - HEADING--MEETING NAME

  • Meeting name or jurisdiction name as entry element: Ulusal Bölge Bilimi Bölge Planlama Kongeresi
  • Number of part/section/meeting: (7.:
  • Date of meeting or treaty signing: 1997:
  • Location of meeting: İzmir)

670 ## - SOURCE DATA FOUND

  • Source citation: Koha: (TR-AnABB)10259: Ulusal Bölge Bilimi Bölge Planlama Kongeresi (7.: 1997: İzmir), 7. Ulusal Bölge Bilimi Bölge Planlama Kongresi /, 1997